A munkanélküliség leküzdésére Szeged negyedmillió forintot kapott a Gazdasági Főtanácstól A tíz holdon aluli gazdák még májusban megkapják az állami kölcsönt — a kenyérellátás problémája még mindig megoldatlan

Elmentve itt :
Bibliográfiai részletek
Dokumentumtípus: Cikk
Megjelent: 1947-05-08
Sorozat:Délmagyarország
Kulcsszavak:Vas Zoltán, Munkanélküliség Szeged 1947
Online Access:http://dmarchiv.bibl.u-szeged.hu/51703
LEADER 00627nab a2200145 i 4500
001 delm51703
005 20180927134758.0
008 180927s1947 hu o 0|| hun d
040 |a SZTE Délmagyarország Archívum  |b hun 
041 |a hun 
245 0 2 |a A munkanélküliség leküzdésére Szeged negyedmillió forintot kapott a Gazdasági Főtanácstól   |h [elektronikus dokumentum] :  |b A tíz holdon aluli gazdák még májusban megkapják az állami kölcsönt — a kenyérellátás problémája még mindig megoldatlan 
260 |c 1947-05-08 
300 |a 1 
490 0 |a Délmagyarország 
695 |a Vas Zoltán, Munkanélküliség Szeged 1947